Catalog

Record Details

Catalog Search



Odpovědnost křesťanských rodičů  Cover Image Book Book

Odpovědnost křesťanských rodičů / Charles a Ilse Lacy

Record details

  • Physical Description: 176 s.
  • Edition: Druhé vydání
  • Publisher: Olomouc Misijní snaha Olomouc ?

Available copies

  • 2 of 2 copies available at Common Catalog SPOK.

Holds

  • 0 current holds with 2 total copies.
Show All Copies
Location Call Number / Copy Notes Barcode Shelving Location Status Due Date
ETS Library 248.845 424470010615 Volný výběr Available -
ETS Library 248.845 424470012071 Volný výběr Available -

LDR 00730nam a2 00253
00135250
003CZ-PrJAB
00520100519000000.0
008060406s1800 xr e |||| |cze
009cz
035 . ‡a(CONS)6691
035 . ‡aKPS12372
040 . ‡aABG450
041 . ‡acze
08214. ‡a248.845
100 . ‡76285 ‡aLacy, Charles a Ilse
245 . ‡aOdpovědnost křesťanských rodičů / ‡cCharles a Ilse Lacy
250 . ‡aDruhé vydání
260 . ‡aOlomouc ‡bMisijní snaha Olomouc ‡c?
300 . ‡a176 s.
653 . ‡aOdpovědnost křesťanských rodičů
8524 . ‡bETS ‡bETS ‡cVolný výběr ‡j248.845 ‡gA ‡p424470012071
8524 . ‡bETS ‡bETS ‡cVolný výběr ‡j248.845 ‡gA ‡p424470010615
910 . ‡aABG450
999 . ‡a6691 ‡bAUTOGEN ‡c6691 ‡tbiblio
905 . ‡uadmin
901 . ‡a35250 ‡b ‡c35250 ‡tbiblio ‡sets

Additional Resources